[Event "Interzonal-16"]
[Site "Biel"]
[Date "1993.??.??"]
[Round "13"]
[White "Lautier, Joel"]
[Black "Gurevich, Mikhail"]
[Result "1-0"]
[WhiteElo "2620"]
[BlackElo "2605"]
[Annotator "Lautier,J"]
[PlyCount "73"]
[EventDate "1993.07.16"]
[EventType "swiss"]
[EventRounds "13"]
[EventCountry "SUI"]
[SourceTitle "CBM 037"]
[Source "ChessBase"]
[SourceDate "1993.12.01"]
[SourceVersion "1"]
[SourceVersionDate "1993.12.01"]
[SourceQuality "1"]

1. c4 {Ftacnik} e6 2. Nc3 d5 3. d4 c6 4. e4 dxe4 5. Nxe4 Bb4+ 6. Bd2 Qxd4 7.
Bxb4 Qxe4+ 8. Be2 Na6 9. Bc3 Ne7 (9... Nf6 {Ftacnik} 10. Nf3 Bd7 11. O-O $1
O-O-O 12. Bd3 Qg4 13. Qc2 Qf4 14. b4 c5 15. b5 Nb4 16. Bxb4 cxb4 17. Rfe1 Qc7
18. a3 b3 $8 19. Qxb3 Kb8 20. Rac1 Bc8 21. c5 Rd5 22. b6 axb6 23. cxb6 Qd6 24.
Ne5 $1 $18 {Sokolov,I-Akopian,V/Groningen/1991/}) 10. Bxg7 (10. Nf3 {Ftacnik}
O-O 11. Qd2 (11. O-O f6 12. b4 Qf4 13. a3 Ng6 14. Bd3 e5 15. Bd2 Qg4 16. Re1
Qd7 17. Qc2 Rd8 18. Bxg6 hxg6 19. Qxg6 Qf5 20. Qxf5 Bxf5 21. Be3 Nc7 22. Red1
b6 23. Rd2 Ne6 24. Rad1 $10 {Malaniuk,V-Matlak,M/Wisla BES (06)/1992/}) 11...
Ng6 12. O-O-O f6 13. Rhe1 e5 14. Bf1 Qf4 15. Re3 Bg4 16. h3 Bxf3 17. Rxf3 Qxd2+
18. Bxd2 Nh4 19. Ra3 Nf5 20. Bc3 Rfd8 21. Rxd8+ Rxd8 22. b4 Ra8 23. b5 cxb5 24.
cxb5 $13 {Lobron,E-Knaak,R/Baden Baden (08)/1992/}) 10... Rg8 11. Bf6 (11. Bc3
{Ftacnik} Qxg2 12. Qd2 Qxh1 13. O-O-O Nd5 14. Nf3 Qxd1+ 15. Bxd1 Nxc3 16. Qxc3
Ke7 17. Ne5 Bd7 18. Qa3+ c5 19. Qf3 Rad8 20. Qxf7+ Kd6 21. Qf4 Rdf8 22. Nf7+
Ke7 23. Bh5 Bc6 24. Qd6+ $16 {Bronstein,D-Kotov,A/Budapest ct/1950/}) 11... Qf4
$6 (11... Rg6 {Ftacnik} 12. Bxe7 Kxe7 13. Qd2 e5 14. Rd1 Be6 15. f3 Qd4 16.
Qxd4 exd4 17. Kf2 Rd8 18. Bd3 Rg5 19. Ne2 h5 20. h4 Ra5 21. a3 Nc5 22. Bb1 Nb3
23. Bc2 Bxc4 24. Bxb3 $14 {Vaiser,A-Savchenko,S/Moscow Tal/1992/}) 12. Bc3 $1 (
12. Bxe7 $2 Kxe7 $15) 12... Rxg2 13. Nf3 f6 (13... Ng6 $6 14. Kf1 Rg4 (14... e5
15. Kxg2 (15. Bd2 $2 Bh3 $1 16. Bxf4 Rxh2+ 17. Kg1 Rg2+ $10) 15... Bh3+ 16.
Kxh3 Qf5+ 17. Kg2 Nf4+ 18. Kf1 Qh3+ 19. Ke1 Ng2+ (19... Rd8 20. Qxd8+ Kxd8 21.
Bxe5 $18) 20. Kd2 Rd8+ 21. Kc2 Rxd1 22. Raxd1 Nf4 23. Rhe1 Nxe2 24. Rxe2 Qxf3
25. Rxe5+ Kf8 26. Rd8+ $18) (14... Nh4 15. Be5 Qf5 16. Bg3 Qh3 17. Ke1 (17. Ng5
$4 Rg1+ $1 18. Kxg1 Qg2#) 17... Rxg3 18. fxg3 Qg2 19. Rf1 Nxf3+ 20. Rxf3 Qxh2
21. Qd4 $18) 15. h3 Rh4 16. Nxh4 Qxh4 17. Qd4 $18) (13... Nc5 $6 14. Be5 Qh6 (
14... Qg4 {Ftacnik} 15. Bg3 $16) 15. Qd4 (15. Bg3 $6 Ne4) 15... b6 16. Rd1 Bb7
17. Bf6 $16) (13... Bd7 14. Be5 Qh6 15. Bg3 Nf5 16. Qd2 $1 $16 (16. Ne5 $6
O-O-O 17. Nxf7 Qf6 $13)) (13... Nf5 14. Be5 Qh6 15. Qd2 Rg8 (15... Qxd2+ 16.
Nxd2 {with the threat of 17.Bg3} Rg6 17. Ne4 $16) 16. Bf4 Qf8 (16... Qf6 $2 17.
Bg5) 17. O-O-O Qe7 18. Rhg1 $16) (13... Rg8 $5 $13 {Ftacnik}) 14. Qd2 $3 $16 (
14. Qd3 e5 15. Qxh7 Bg4 $1 16. Bd2 (16. Qh8+ $2 Kf7 17. Qxa8 (17. Qh7+ Ke6)
17... Bxf3 18. Bxf3 (18. Qxa7 $2 Qe4 $19) 18... Qxf3 19. Qxa7 c5 (19... Rg4 20.
Kd2 $1) 20. Rf1 Nf5 $17 {->}) 16... Qf5 17. Qxf5 (17. Qh8+ $2 Kf7 18. Qxa8 Bxf3
$40) 17... Nxf5 18. h3 Bxf3 19. Bxf3 Rg7 $10) 14... Qxd2+ (14... e5 15. Qxf4
exf4 16. Nh4 $1 (16. Bxf6 Nb4) 16... Rg8 17. Bh5+ Ng6 18. O-O-O Kf7 19. Rd6 Be6
20. Re1 {/\ Nf5}) (14... Ng6 15. Qxf4 $1 (15. Kf1 $6 Rg4 16. h3 Qxd2 17. Bxd2
Rf4 (17... Re4 18. Bd3) 18. Bxf4 Nxf4 $14) 15... Nxf4 16. Bxf6 Nxe2 17. Kxe2
$16 {/\ Rhg1}) (14... Qf5 {Ftacnik} 15. Rd1 $40) 15. Nxd2 e5 (15... f5 $2 16.
Bh5+ (16. Nf3 $36 {Ftacnik}) 16... Ng6 (16... Kf8 17. Nf3) 17. Nf3 Ke7 18. Kf1
Nf4 19. Be5 $18) (15... Kf7 16. Ne4 e5 {transposes to the game} (16... f5 {
Ftacnik} 17. Bh5+ Kf8 18. Rd1 $40)) 16. Ne4 Kf7 17. Rd1 $1 (17. Ng3 Ng6 18. Bf3
Nh4 (18... Bh3 $5) 19. Bxg2 Nxg2+ 20. Ke2 Nf4+ $14) 17... Rg8 $6 (17... Nc7 $5
18. Bh5+ Ng6 19. Bf3 Nh4 (19... Bh3 $2 20. Bxg2 Bxg2 21. Rd7+ $18) 20. Bxg2
Nxg2+ 21. Ke2 Nf4+ 22. Kf3 Bh3 (22... h5 23. Nd6+ $16) 23. Rhg1 h5 24. Ke3 $16
{/\} Ng2+ $2 25. Rxg2 Bxg2 26. Rd7+ $18) (17... Bf5 {Ftacnik} 18. Nd6+ Kg7 19.
Nxf5+ Nxf5 20. Rd7+ $16) (17... Be6 {Ftacnik} 18. Nd6+ Kg7 19. Nxb7 $16) 18. f4
$1 Ng6 $6 (18... exf4 19. Bh5+ (19. Nxf6 {Ftacnik} Rg2 20. Bf3 $16) (19. Rd6
Be6 20. Nxf6 Rgd8 $132) 19... Ng6 20. Nxf6 $18) (18... Bf5 19. Nd6+ Ke6 20.
Nxb7 Rab8 21. Rd6+ Kf7 22. Na5 $16) 19. Rd6 Ke7 (19... Be6 $2 20. f5 $18 (20.
f5 {Ftacnik} Bxf5 21. Rxf6+ $18)) 20. Rxf6 Nxf4 (20... exf4 21. h4 $1 $18) 21.
Bxe5 Nxe2 22. Bd6+ $1 Ke8 23. Kxe2 Bh3 (23... Bg4+ 24. Ke3 Rd8 25. Rg1 $18) (
23... Rg2+ {Ftacnik} 24. Kf3 Rxb2 25. Rf8+ Kd7 26. Rd1 $18) 24. Rh6 $1 $18 Bg4+
(24... Bg2 25. Rg1 $1 (25. Rxh7 {Ftacnik} Bxe4 (25... Bxh1 26. Nf6+ Kd8 27.
Nxg8 $18) 26. Re7+ Kd8 27. Rxe4 Rg2+ 28. Ke3 Rxb2 29. Rd1 $18) 25... Bf3+ 26.
Kxf3 Rxg1 27. Rxh7 $18) 25. Ke3 Bf5 (25... Kf7 26. Rf6+ $1 (26. Rf1+ {Ftacnik}
Kg7 27. Rhf6 $18) (26. Rxh7+ Kg6 27. Rxb7 $18) 26... Ke8 (26... Kg7 27. Rg1 Kh8
28. Be5 $18) 27. Rg1 $18) 26. Nf6+ Kf7 27. Nxg8 Rxg8 28. Kf4 $1 (28. Rf1 Re8+
29. Kd2 Kg7) 28... Bg6 29. Re1 Rd8 (29... Kg7 {Ftacnik} 30. Kg5 Rd8 31. Re7+
Kg8 32. c5 $18) 30. Re7+ Kf6 (30... Kg8 {Ftacnik} 31. Ke5 $18) 31. c5 Nb4 32.
Rexh7 Nd5+ 33. Kf3 Re8 34. h4 Re3+ 35. Kf2 Kf5 36. Rg7 Re6 (36... Be8 37. Rg5+
Ke4 38. Re6+ Kd4 39. Rxd5+ $18) 37. h5 (37. h5 Be8 38. Rxe6 Kxe6 39. h6) 1-0

[Event "Interzonal-16"]
[Site "Biel"]
[Date "1993.??.??"]
[Round "7"]
[White "Lautier, Joel"]
[Black "Granda Zuniga, Julio E"]
[Result "1-0"]
[WhiteElo "2620"]
[BlackElo "2605"]
[Annotator "Lautier,J"]
[PlyCount "89"]
[EventDate "1993.07.16"]
[EventType "swiss"]
[EventRounds "13"]
[EventCountry "SUI"]
[SourceTitle "CBM 037"]
[Source "ChessBase"]
[SourceDate "1993.12.01"]
[SourceVersion "1"]
[SourceVersionDate "1993.12.01"]
[SourceQuality "1"]

1. c4 e6 2. Nc3 d5 3. d4 c6 4. Nf3 dxc4 5. a4 Bb4 6. e3 b5 7. Bd2 Qb6 $6 8.
axb5 $6 (8. Ne5 $1 Nd7 9. axb5 Nxe5 10. dxe5 cxb5 11. Ne4 $16) 8... cxb5 9. Ne5
Bb7 (9... Nd7 $4 10. Qf3 $18) 10. b3 Nc6 $1 11. bxc4 Bxc3 $8 (11... Nxe5 $2 12.
c5 $1 Bxc5 (12... Qd8 13. Nxb5 Bxd2+ 14. Qxd2 $18) 13. dxc5 Qxc5 14. Nxb5 {
/\ Rc1} Bxg2 15. Bxg2 Qxb5 16. Ra5 (16. Bxa8 $2 Nd3+ 17. Kf1 Nf4+ 18. Kg1 Qg5+
19. Kf1 Qb5+ $10) 16... Nd3+ 17. Kf1 Qc4 18. Bxa8 Nf4+ 19. Kg1 Ne2+ 20. Kg2
Qg4+ 21. Kf1 Ng3+ 22. Ke1 $18) 12. Bxc3 Nxe5 13. dxe5 bxc4 14. Rb1 (14. Qg4 $2
Ne7 15. Qxg7 Rg8 16. Qh6 Nd5 17. Qxh7 O-O-O 18. Qc2 Nxe3 $1 19. fxe3 Qxe3+ 20.
Be2 Rxg2 21. Rf1 Be4 22. Qb2 Bd3 $19) (14. Bxc4 $6 Ne7 $15) 14... Qc6 15. Rb4
Ba6 $1 (15... Rd8 $2 16. Qa1 $1 $16) (15... Ne7 16. Rxc4 Qd7 17. Rd4 Qc6 18.
Rc4 $10) 16. Be2 Ne7 17. Bf3 Nd5 18. Bxd5 exd5 (18... Qxd5 $4 19. Qa4+ $18) 19.
O-O Bc8 20. Qd4 O-O 21. Ra1 (21. e6 $2 f6 22. e7 Re8 $15) (21. f4 $6 Bf5 $15)
21... Qg6 $1 (21... Be6 22. Rxa7 $14) 22. Qxd5 $6 (22. f3 $10) 22... Be6 23.
Qd2 Rfd8 24. Bd4 Rac8 $15 {passed pawn "c"} 25. Rc1 (25. Qc3 $2 Bd5 $17) 25...
a5 (25... Bd5 26. f4 h5 $15) 26. Rb6 Qd3 $2 (26... a4 27. Qa5 $15) 27. Qxa5 $1
Ra8 (27... c3 $2 28. Rc6 $1 Qd2 (28... c2 29. R6xc2 $16) 29. Qxc3 $16) 28. Ra6
Rab8 29. h3 Rdc8 30. Qc3 h5 31. Ra3 $10 Qg6 32. Kh2 h4 33. Qc2 $138 Bf5 34. Qd2
Rc6 35. Rac3 Be4 $5 (35... Rbc8 $10) 36. f3 Qg3+ 37. Kh1 Bxf3 $5 38. gxf3 Rg6 (
38... Qxh3+ $2 39. Qh2 Qxf3+ 40. Qg2 $18) 39. e4 $8 Rb3 $4 $138 (39... Rd8 $1
$8 {only move} 40. f4 Rxd4 41. Rxg3 Rxd2 42. Rxg6 fxg6 43. Rxc4 Rf2 44. e6 Kf8
45. e5 Ke7 $10) 40. f4 $1 $18 Qxh3+ (40... Rxc3 41. Rxc3 $18) 41. Rxh3 Rxh3+
42. Qh2 Rxh2+ 43. Kxh2 Rg4 44. Rf1 g5 45. Rf3 $1 (45. Rf3 $1 gxf4 46. Kh3 Rg3+
47. Rxg3+ hxg3 (47... fxg3 48. Kxh4 g2 49. Kg3 c3 50. Kxg2 c2 51. Bb2 $18) 48.
Kg4 g2 49. Kf3 $1 $18 (49. Kxf4 $4 c3 50. Kf3 c2 $19)) 1-0

[Event "EU-chT (Men) 19th"]
[Site "Warsaw"]
[Date "2013.11.09"]
[Round "2.2"]
[White "Laznicka, Viktor"]
[Black "Brunello, Sabino"]
[Result "1-0"]
[WhiteElo "2677"]
[BlackElo "2615"]
[Annotator "Laznicka,V"]
[PlyCount "87"]
[EventDate "2013.11.08"]
[EventType "team-swiss"]
[EventRounds "9"]
[EventCountry "POL"]
[SourceTitle "CBM 158"]
[Source "ChessBase"]
[SourceDate "2014.01.16"]
[SourceVersion "1"]
[SourceVersionDate "2014.01.16"]
[SourceQuality "1"]
[WhiteTeam "Czech Republic"]
[BlackTeam "Italy"]
[WhiteTeamCountry "CZE"]
[BlackTeamCountry "ITA"]

1. d4 d5 2. c4 c6 3. Nf3 Nf6 4. Nc3 dxc4 5. a4 e6 6. e4 Bb4 7. e5 Nd5 8. Bd2 b5
9. axb5 Bxc3 10. bxc3 cxb5 11. Ng5 Bb7 {Black has more possibilities as to how
to develop his pieces. Earlier, Black tried to put the knight immediatelyon c6,
unfortunately bad results followed. Now he tries a more flexible piece
arrangement.} 12. Qh5 Qe7 13. h4 $5 {This move is usually played with the
knight on c6, here it is also possible, however there are some shortcomings.} (
13. Be2 $13 {This move is preferred both by strong players and also by
computers.}) 13... Nd7 14. Rb1 {Lures the bishop to c6, in order to take the
pawn on b5 after the above mentioned opertaion.} (14. Rh3 h6 {threatens g6,
here we could see inconsistency of the advance h4} 15. Ne4 Nf4 {And this is
the expected defect, Black gets rid of another attacking piece and would end
up with a clear edge.}) 14... Bc6 15. Rh3 {A logical move, it is necessary to
bring other forces.} g6 $6 (15... Nc7 {This paradoxical move should had been
played, Black keeps under control the b5-pawn and the crucial e4-square. Black
would be better... not only according to the computer.}) 16. Qe2 (16. Qh6 Qf8
17. Qxf8+ Kxf8 18. Rf3 f6 19. exf6 N7xf6 20. Nxe6+ Kf7 21. Ng5+ Kg8 {would be
better for Black due to the strong post on d5.}) 16... f6 $6 (16... f5 {
should have been played, it makes White take on f6, instead of this he could
play another move in the game.}) 17. Ne4 (17. exf6 N7xf6 18. Nf3 (18. Nxe6 Bd7
$17) 18... Nd7 {White still has compensation for the pawn, but it is not easy
to develop an initiative.}) 17... fxe5 (17... O-O 18. h5 gxh5 19. Bh6 fxe5 20.
Rg3+ Kh8 21. Bg7+ Qxg7 22. Rxg7 Kxg7 23. Qxh5 exd4 24. cxd4 $13 {would also
come into consideration.}) 18. Bg5 Nf4 $2 (18... Qa3 19. Qg4 Ne7 20. dxe5 h5
21. Qf3 Bxe4 22. Qxe4 Rb8 {would be the lesser evil.}) 19. Qf3 Qf8 20. dxe5
Nxh3 (20... Nd3+ 21. Bxd3 Qxf3 22. Rxf3 Nxe5 23. Nf6+ Kf7 24. Be4 Bxe4 25.
Nxe4+ Nxf3+ 26. gxf3 h6 27. Bf6 Rhb8 28. Be5 Rb6 29. Ke2 {is, due to the weak
king, much better for White.}) 21. Qxh3 {Now the splendid cooperation of the
white pieces is decisive.} Qg8 (21... Kf7 22. Nd6+ Kg7 23. Qxe6 $16) 22. Nd6+
Kf8 23. Bh6+ Ke7 24. Bg5+ Kf8 25. Bh6+ Ke7 26. Qe3 {It is only a matter of
time when White catches his prey.} Nb6 27. Qc5 Kd7 28. Nxb5 (28. Nxc4 {would
win on the spot.}) 28... Qb8 $1 29. Bxc4 Nxc4 (29... Bd5 30. Nd6 $18) 30. Rd1+
Bd5 31. Rxd5+ exd5 32. Qxd5+ (32. e6+ {I had seen this move, unfortunately I
did not play it. Why? I do not know.} Kxe6 33. Nd4+ Kf6 34. Bg5+ Kf7 35. Qe7+
Kg8 36. Qe6+ Kg7 37. Nf5+ gxf5 38. Bh6#) 32... Ke7 33. Bg5+ Kf8 34. Bh6+ Ke7
35. Bg5+ Kf8 36. Qc5+ Nd6 37. Nxd6 Qb1+ {A couple of checks can not save the
day.} 38. Ke2 Qa2+ 39. Ke3 Qe6 40. Bf6 Rg8 41. Nf5+ Ke8 42. Nd4 Qd7 43. e6 Qb7
44. Nb5 {And there is a pawn mate after all. Nd6+, e7.} 1-0

[Event "Gibraltar Masters 10th"]
[Site "Caleta"]
[Date "2012.01.31"]
[Round "8"]
[White "Akobian, Varuzhan"]
[Black "El Debs, Felipe de Cresce"]
[Result "1-0"]
[WhiteElo "2617"]
[BlackElo "2497"]
[Annotator "Let's Check"]
[PlyCount "89"]
[EventDate "2012.01.24"]
[EventType "swiss"]
[EventRounds "10"]
[EventCountry "GGB"]
[SourceTitle "CBM 147"]
[Source "ChessBase"]
[SourceDate "2012.03.16"]
[SourceVersion "1"]
[SourceVersionDate "2012.03.16"]
[SourceQuality "1"]

1. d4 d5 2. c4 c6 3. Nc3 Nf6 4. Nf3 dxc4 5. a4 e6 6. e4 Bb4 7. Bxc4 Nxe4 8. O-O
Nf6 9. Qe2 O-O 10. Rd1 Nd5 11. Rd3 Nd7 12. Bg5 f6 13. Bd2 $1 Re8 14. Re1 Nf8
15. h4 Bd7 16. h5 Bd6 17. Ne4 Nf4 18. Bxf4 Bxf4 19. g3 Bc7 20. h6 g6 21. Qd2 f5
$2 (21... Kh8 22. Ba2 Bc8 $14) 22. Qc3 (22. d5 fxe4 23. dxe6 $3) 22... Ba5 $1
$18 (22... fxe4 $2) 23. b4 $1 Bxb4 $1 (23... fxe4 $2) 24. Qxb4 fxe4 25. Rxe4
Re7 $2 (25... b5 26. Bb3 Qe7 $16) 26. Qxb7 Qb8 27. Rb3 Qxb7 28. Rxb7 Kf7 29.
Ne5+ Ke8 30. Rf4 a5 31. Rb3 g5 32. Rg4 c5 33. dxc5 Bxa4 34. Ra3 Nd7 35. Rxg5
Nxe5 36. Rg8+ Kf7 37. Rxa8 Bc6 38. Rh8 Nxc4 39. Rxh7+ Kg8 40. Rxe7 Nxa3 41.
Rxe6 Bd5 42. Rd6 Be4 43. c6 Nb5 44. Rd8+ Kh7 45. c7 1-0

[Event "EU-ch 13th"]
[Site "Plovdiv"]
[Date "2012.03.21"]
[Round "2"]
[White "Maiorov, Nikita"]
[Black "Sokolov, Ivan"]
[Result "1/2-1/2"]
[WhiteElo "2552"]
[BlackElo "2653"]
[Annotator "Let's Check Training"]
[PlyCount "125"]
[EventDate "2012.03.20"]
[EventType "swiss"]
[EventRounds "11"]
[EventCountry "BUL"]
[SourceTitle "CBM 148"]
[Source "ChessBase"]
[SourceDate "2012.05.16"]
[SourceVersion "1"]
[SourceVersionDate "2012.05.16"]
[SourceQuality "1"]

1. d4 d5 2. c4 e6 3. Nc3 Bb4 4. a3 Bxc3+ 5. bxc3 c5 6. e3 Qc7 7. cxd5 exd5 8.
Ra2 Bf5 9. Ne2 Nf6 10. Ng3 Bg6 11. Bb5+ Nbd7 12. O-O O-O 13. f3 cxd4 14. cxd4
Rac8 15. Re1 a6 16. Bf1 b5 17. Rae2 h5 18. Nh1 Nb6 19. Bb2 Na4 20. Nf2 Nxb2 21.
Rxb2 Qa5 22. Ra2 Bc2 23. Qe2 Rfe8 24. Raa1 Rc6 25. Nd3 Bxd3 26. Qxd3 Qc7 27.
Qd2 Rc2 28. Qd3 Re6 29. a4 b4 30. a5 Rc3 31. Qd2 h4 32. Ra4 Qe7 33. Bd3 h3 34.
gxh3 Nh5 35. Raa1 Qh4 36. Rac1 $2 (36. Bf1 Qg5+ 37. Kh1 $17) {[%tqu "En","","",
"","c3d3","",10]} 36... Rxd3 $1 $19 37. Qxd3 Rg6+ 38. Kf1 Qxh3+ 39. Ke2 b3 $4 (
39... Rg2+ 40. Kd1 Qxf3+ $19) 40. Kd1 Qxf3+ 41. Qe2 Qh3 42. Qf1 Qd7 43. Rb1 Qa4
44. Qd3 Qxa5 45. Rxb3 Nf6 46. Rb8+ Kh7 47. Qf5 Qa4+ 48. Qc2 Qa3 49. Qc8 Qa1+
50. Qc1 Qa5 51. Qc8 Qa4+ 52. Qc2 Qa3 53. Qc8 Rg5 54. Qc1 Qa5 55. Qd2 Qc7 56.
Qc2+ Qxc2+ 57. Kxc2 Rg2+ 58. Kb3 Rxh2 59. Rb7 Kg8 60. Rb8+ Kh7 61. Rb7 Kg8 62.
Rb8+ Kh7 63. Rb7 1/2-1/2

[Event "EU-ch 13th"]
[Site "Plovdiv"]
[Date "2012.03.21"]
[Round "2"]
[White "Pap, Gyula"]
[Black "Khenkin, Igor"]
[Result "1-0"]
[WhiteElo "2538"]
[BlackElo "2632"]
[Annotator "Let's Check Training"]
[PlyCount "53"]
[EventDate "2012.03.20"]
[EventType "swiss"]
[EventRounds "11"]
[EventCountry "BUL"]
[SourceTitle "CBM 148"]
[Source "ChessBase"]
[SourceDate "2012.05.16"]
[SourceVersion "1"]
[SourceVersionDate "2012.05.16"]
[SourceQuality "1"]

1. c4 e6 2. Nc3 d5 3. d4 Bb4 4. cxd5 exd5 5. a3 Bxc3+ 6. bxc3 Ne7 7. e3 O-O 8.
Bd3 Bf5 9. Ne2 Nbc6 10. O-O Na5 11. Rb1 c6 12. a4 Re8 13. f3 Bxd3 14. Qxd3 f5
15. Ng3 Qd7 16. Ba3 g6 17. e4 fxe4 $6 (17... Nc4 18. Bc1 a5 $11) 18. fxe4 $16
Nc4 19. Bc1 Kg7 20. Bh6+ Kxh6 21. Rf7 Rf8 $2 (21... Qg4 22. Rxb7 a6 $16) 22.
Nf5+ $18 Qxf5 23. Rxf5 gxf5 24. Rxb7 Rf7 (24... Rae8 25. Qg3 fxe4 $18) 25. Qg3
$18 fxe4 26. Rxe7 Raf8 $6 (26... Rxe7 27. Qh4+ Kg6 $18) {[%tqu "En","","","",
"h2h4","",10]} 27. h4 $1 1-0

[Event "Interzonal-16"]
[Site "Biel"]
[Date "1993.??.??"]
[Round "11"]
[White "Lobron, Eric"]
[Black "Sokolov, Ivan"]
[Result "0-1"]
[WhiteElo "2575"]
[BlackElo "2640"]
[Annotator "Lobron,E"]
[PlyCount "118"]
[EventDate "1993.07.16"]
[EventType "swiss"]
[EventRounds "13"]
[EventCountry "SUI"]
[SourceTitle "CBM 037"]
[Source "ChessBase"]
[SourceDate "1993.12.01"]
[SourceVersion "1"]
[SourceVersionDate "1993.12.01"]
[SourceQuality "1"]

1. Nf3 d5 2. d4 c6 3. c4 dxc4 4. a4 e6 5. Nc3 Bb4 6. Bd2 (6. e3 b5 7. Bd2 a5 8.
axb5 Bxc3 9. Bxc3 cxb5 10. b3 Bb7 11. bxc4 b4) 6... Nf6 7. e3 O-O (7... c5 8.
Bxc4 Nc6 9. dxc5 Bxc5 10. O-O O-O 11. Qe2 $14 {Kasparov,G-Hertneck,G/Baden
Baden sim/1992/}) 8. Bxc4 Nbd7 9. O-O c5 10. Qe2 b6 11. Rfd1 Bb7 12. Rac1 Qe7
13. Ba6 $2 (13. Nb5 $14) 13... Bxa6 14. Qxa6 e5 $1 15. dxc5 Nxc5 16. Qc4 a5 {
/\ e4, Nd3} 17. e4 Rac8 18. Nb5 $2 (18. Bg5 Nxa4 (18... Ncxe4 $2 19. Qxe4 $18)
19. Nd5 Rxc4 20. Nxe7+ Bxe7 21. Rxc4 Nxb2 $19) (18. Nd5 $1 Nxd5 19. exd5 Bxd2
20. Nxd2 $13) 18... Bxd2 19. Nxd2 Rcd8 $1 20. Qe2 $2 (20. f3 $10) 20... Nxa4
21. Nc4 Rxd1+ 22. Rxd1 Qb4 $2 (22... Nc5 {/\ Ncd7-/+}) 23. Nbd6 Qc5 $2 (23...
Rd8 24. Nf5 Rxd1+ 25. Qxd1 h6 $17) 24. g4 $1 h6 25. h4 Qc7 $1 26. Nxe5 Nc5 27.
Qc4 (27. f4 $5) (27. Nec4) 27... b5 $1 (27... Nfxe4 $2 28. Nexf7 b5 29. Qa2
Nxd6 30. Nxd6+ Kh8 31. Qd5 $16) (27... Ne6 28. Qxc7 Nxc7 29. g5 hxg5 30. hxg5
Nh7 31. Nexf7 $16) 28. Qxb5 $2 (28. Qc3 Rd8 29. Nexf7 Nfxe4 30. Qf3 $13) 28...
Ncxe4 29. Nxe4 $2 (29. Qc4 $5) 29... Nxe4 30. Qd5 Qc2 31. Rf1 a4 32. h5 $2 (32.
Kg2 $15) 32... Ng5 33. f4 $2 Nh3+ 34. Kh1 Nxf4 $1 35. Qf3 Ne6 36. Nxf7 Qc7 (
36... Qb3 $19) 37. Qe4 Ng5 $4 (37... Qe7 38. Re1 Qh4+ 39. Kg1 Nf4 $1 $19) 38.
Nxh6+ $4 (38. Nxg5 $1 Rxf1+ 39. Kg2 hxg5 40. Kxf1 Qc1+ 41. Kg2 Qxb2+ 42. Kh3
$10) 38... gxh6 39. Qg6+ Qg7 $19 40. Rxf8+ Kxf8 41. Qd6+ Kg8 42. Qd5+ Qf7 43.
Qd8+ Kg7 44. Qd4+ Qf6 45. Qd7+ Nf7 46. Qxa4 Qxb2 47. Qd7 Qf2 48. Qe6 Qf6 49.
Qd7 Qd6 50. Qf5 Ng5 51. Qc8 Qe6 52. Qc3+ Kf7 53. Qc7+ Ke8 54. Qb8+ Kd7 55. Qa7+
Kc6 56. Qa4+ Kd5 57. Qd1+ Ke4 58. Qf1 Qd5 59. Kh2 Qa2+ 0-1

[Event "Candidates Tournament"]
[Site "Kazan"]
[Date "2011.05.08"]
[Round "1.4"]
[White "Grischuk, Alexander"]
[Black "Aronian, Levon"]
[Result "1/2-1/2"]
[WhiteElo "2747"]
[BlackElo "2808"]
[Annotator "Marin,M"]
[PlyCount "33"]
[EventDate "2011.05.05"]
[EventType "k.o."]
[EventRounds "3"]
[EventCountry "RUS"]
[SourceTitle "CBM 143"]
[Source "ChessBase"]
[SourceDate "2011.07.15"]
[SourceVersion "1"]
[SourceVersionDate "2011.07.15"]
[SourceQuality "1"]

1. d4 d5 2. c4 e6 3. Nc3 Be7 4. cxd5 exd5 5. Bf4 c6 6. e3 Bf5 7. Nge2 Nd7 8.
Ng3 Bg6 9. Be2 Nb6 $5 {A flexible move, delaying ...Nf6 in order to prevent an
early h2-h4.} (9... Ngf6 10. h4 {and}) (9... Qb6 10. Qd2 h5 {are more popular
continuations.}) 10. Rc1 $5 {An useful waiting move, inviting Black to play ...
Nf6.} Nf6 11. h4 h6 $146 (11... h5 12. Bg5 Kf8 13. Bxf6 Bxf6 14. Bxh5 Bxh5 15.
Nxh5 Bxh4 16. Nf4 g6 $11 {Wang Yue (2644)-Barsov,A (2537)/Doha 2006/CBM 115
ext (1/2, 20)}) 12. h5 Bh7 13. Bd3 Bxd3 14. Qxd3 O-O 15. Nf5 Re8 16. f3 Bf8 17.
Kf2 {White has considerable space advantage, but the weakness of the e3-pawn
may tell in the event of minor piece exchanges.} (17. Kf2 Nc4 18. b3 Nd6 $132)
1/2-1/2

[Event "ROM-ch"]
[Site "Bucharest"]
[Date "1998.12.19"]
[Round "11"]
[White "Grigore, George Gabriel"]
[Black "Danilov, Ilie Vladimir"]
[Result "1-0"]
[WhiteElo "2475"]
[BlackElo "2335"]
[Annotator "Marin,M/Stoica"]
[PlyCount "53"]
[EventDate "1998.12.08"]
[EventType "tourn"]
[EventRounds "15"]
[EventCountry "ROU"]
[EventCategory "9"]
[SourceTitle "CBM 069"]
[Source "ChessBase"]
[SourceDate "1999.04.01"]
[SourceVersion "1"]
[SourceVersionDate "1999.04.01"]
[SourceQuality "1"]

1. d4 d5 2. c4 e6 3. Nc3 c6 4. e4 dxe4 5. Nxe4 Bb4+ 6. Bd2 Qxd4 7. Bxb4 Qxe4+
8. Ne2 Nd7 9. Qd6 c5 10. Bc3 Ne7 11. O-O-O Nf5 12. Qd2 O-O 13. Ng3 Qh4 ({
Ein neuer Versuch. Bekannt war} 13... Qc6 14. Nxf5 exf5 15. Be2 Nf6 16. Qg5 {
mit weissem Druck.}) 14. Nxf5 exf5 15. g3 Qg4 ({Vorzuziehen war} 15... Qe7) 16.
h3 Qg6 ({Auch nach} 16... Qf3 17. Rg1 {hat Weiss die Initiative.}) 17. g4 Qa6 (
{Eine bessere Alternative war} 17... Re8) 18. gxf5 f6 19. Rg1 Rf7 (19... Qxa2
20. Qh6 Rf7 21. Bxf6 Qa1+ 22. Kd2 Qxd1+ 23. Kxd1 Nxf6 {wäre das kleinste Übel.}
) 20. Bg2 Nf8 21. Qf4 Kh8 22. Rd8 Qxa2 23. Qd6 Bxf5 24. Rxa8 Qb1+ 25. Kd2 Qc2+
26. Ke3 Re7+ 27. Kf3 1-0